书目信息 |
| 题名: |
艺术概论
|
|
| 作者: | 孙美兰 主编 | |
| 分册: | ||
| 出版信息: | 北京 高等教育出版社 1989 |
|
| 页数: | 241页 | |
| 开本: | 20cm | |
| 丛书名: | ||
| 单 册: | ||
| 中图分类: | J02 | |
| 科图分类: | ||
| 主题词: | 艺术理论--基本问题 | |
| 电子资源: | ||
| ISBN: | 7-04-002413-6 | |
| 000 | 00667nam0 2200229 450 | |
| 001 | 1232671481 | |
| 005 | 20121019090600.72 | |
| 010 | @a7-04-002413-6@dCNY10.20 | |
| 020 | @aCN@b89011445 | |
| 100 | @a19910105d1989 m y0chiy0110 ea | |
| 101 | 0 | @achi |
| 102 | @aCN@b110000 | |
| 105 | @ay z 000yy | |
| 200 | 1 | @a艺术概论@Ayi shu gai lun@f孙美兰主编 |
| 210 | @a北京@c高等教育出版社@d1989 | |
| 215 | @a241页@c图@d20cm | |
| 330 | @a本书为卫星电视师资培训系列教材之一。该书以本体论为基础建构艺术理论新体例。 | |
| 606 | 0 | @a艺术理论@x基本问题 |
| 690 | @aJ02@v1980 | |
| 701 | 0 | @a孙美兰@Asun mei lan@4主编 |
| 801 | 0 | @aCN@bNLC@c20101222 |
| 905 | @a10447@dJ02@eJY14 | |
| 艺术概论/孙美兰主编.-北京:高等教育出版社,1989 |
| 241页:图;20cm |
| ISBN 7-04-002413-6:CNY10.20 |
| 本书为卫星电视师资培训系列教材之一。该书以本体论为基础建构艺术理论新体例。 |
| ● |
| 相关链接 |
|
|
|
|
正题名:艺术概论
索取号:J02/JY14
 
预约/预借
| 序号 | 登录号 | 条形码 | 馆藏地/架位号 | 状态 | 备注 |
| 1 | 7833704 | 278337042 | 学院路分馆/ [索取号:J02/JY14] | 在馆 | |
| 2 | 7833705 | 278337051 | 学院路分馆/ [索取号:J02/JY14] | 在馆 | |
| 3 | 7833706 | 278337060 | 学院路分馆/ [索取号:J02/JY14] | 在馆 | |
| 4 | 7833707 | 278337079 | 学院路分馆/ [索取号:J02/JY14] | 在馆 |